[Event "Norwegian Open 2013"]
[Site "Fagernes NOR"]
[Date "2013.03.24"]
[Round "5"]
[White "Byklum,B"]
[Black "Salomon,J"]
[Result "0-1"]
[WhiteElo "2296"]
[BlackElo "2115"]

1.d4 Nf6 2.c4 e6 3.Nc3 Bb4 4.f3 d5 5.a3 Be7 6.e4 dxe4 7.fxe4 e5 8.d5 Bc5
9.Bg5 h6 10.Bh4 O-O 11.Bd3 c6 12.Nf3 Bg4 13.h3 Bxf3 14.Qxf3 Nbd7 15.O-O-O Bd4
16.Ne2 c5 17.Rd2 Qa5 18.Rc2 a6 19.Be1 Qa4 20.g4 b5 21.Nxd4 exd4 22.Bg3 b4
23.axb4 cxb4 24.e5 Nc5 25.exf6 Rae8 26.Re2 Qa1+ 27.Kd2 Qxb2+ 28.Ke1 Qc3+
29.Kf1 Nxd3 30.fxg7 Kxg7 31.Bd6 Rg8 32.Kg2 Qxc4 33.Re7 Rxe7 34.Bxe7 Qxd5
35.Bf6+ Kh7 36.Ra1 Nf4+ 37.Kg3 Nh5+  0-1

[Event "O2C Doeberl Cup Premier 2013"]
[Site "Canberra AUS"]
[Date "2013.03.28"]
[Round "2.4"]
[White "Akshat,Kh"]
[Black "Stocek,J"]
[Result "0-1"]
[WhiteElo "2383"]
[BlackElo "2557"]

1.d4 Nf6 2.c4 e6 3.Nc3 Bb4 4.f3 c5 5.d5 O-O 6.e4 d6 7.Ne2 Re8 8.Nf4 exd5
9.cxd5 Nbd7 10.Be2 Ne5 11.O-O a6 12.g4 c4 13.Ng2 Nfd7 14.a3 Ba5 15.Kh1 Nc5
16.Be3 Qc7 17.Rb1 b5 18.Na2 Bb6 19.Nc1 Bd7 20.b4 Na4 21.Na2 h5 22.h3 Rac8
23.Qc2 Bxe3 24.Nxe3 Qd8 25.Ng2 hxg4 26.hxg4 Qf6 27.Rbe1 c3 28.Nc1 Qh6+ 29.Kg1 Qd2
30.Bd1 Nc4 31.Rf2 Qh6 32.Nd3 Nxa3 33.Qa2 Nc4 34.Ngf4 Nab2 35.Qxa6 Nd2 36.Bc2 Qf6
37.e5 Nxd3 38.exf6 Rxe1+ 39.Kh2 Nxf2 40.Qa7 Bxg4 41.Qxf2 Nxf3+ 42.Kg3 Rg1+
43.Ng2 Rc4 44.Qe3 gxf6 45.Kf2 Rh1 46.Qe8+ Kg7 47.Ne3 Rh2+ 48.Kg3 Rh3+ 49.Kf2 Rd4
50.Nxg4 Rd2+ 51.Ke3 Ng5+  0-1

[Event "LVIII ch-Catarinense 2013"]
[Site "Florianopolis BRA"]
[Date "2013.03.28"]
[Round "1.2"]
[White "Matsuura,E"]
[Black "Calcado,A"]
[Result "1-0"]
[WhiteElo "2473"]
[BlackElo "2175"]

1.d4 Nf6 2.c4 e6 3.Nc3 Bb4 4.f3 d5 5.a3 Be7 6.cxd5 exd5 7.e3 O-O 8.Bd3 c5
9.Nge2 Nc6 10.O-O Re8 11.Kh1 b6 12.Bb5 Bb7 13.e4 cxd4 14.Bxc6 Bxc6 15.Nxd4 Bb7
16.e5 Nd7 17.f4 Nc5 18.Qg4 Bf8 19.Be3 Ne4 20.Nf3 Bc8 21.f5 Nxc3 22.bxc3 Qd7
23.e6 fxe6 24.f6 e5 25.Qg3 Ba6 26.Nxe5 Rxe5 27.f7+ Kh8 28.Qxe5 Bxf1 29.Rxf1 Qd6
30.Qe8 Rd8 31.Bg5 Rd7  1-0

[Event "Paskturneringen Open"]
[Site "Norrkoping SWE"]
[Date "2013.03.29"]
[Round "1"]
[White "Ulibin,M"]
[Black "Knutsson,H"]
[Result "1-0"]
[WhiteElo "2521"]
[BlackElo "1934"]

1.c4 Nf6 2.d4 e6 3.Nc3 Bb4 4.f3 d5 5.a3 Bxc3+ 6.bxc3 O-O 7.cxd5 Nxd5 8.e4 Ne7
9.Be3 c5 10.dxc5 Qa5 11.Qb3 Qc7 12.Bb5 Nbc6 13.Nh3 e5 14.Nf2 Be6 15.Qa4 a6
16.Be2 Rac8 17.O-O Nb8 18.Rab1 Nd7 19.Nd3 f6 20.Rb2 Rb8 21.Rfb1 Rfc8 22.Bd1 Nf8
23.Rb6 Qd8 24.Rd6 Qe8 25.Rdb6 Qxa4 26.Bxa4 Rd8 27.Nf2 Bd7 28.Bxd7 Nxd7 29.Rxb7 Nc6
30.Kf1 Kf8 31.Ke2 Ke7 32.Nd3 Ke6 33.R1b2 Rxb7 34.Rxb7 Rb8 35.Rc7 Na5 36.c6  1-0

[Event "Paskturneringen Open"]
[Site "Norrkoping SWE"]
[Date "2013.03.29"]
[Round "3"]
[White "Ulibin,M"]
[Black "Cederstam-Barsk,Carl"]
[Result "1-0"]
[WhiteElo "2521"]
[BlackElo "2243"]

1.d4 Nf6 2.c4 e6 3.Nc3 Bb4 4.f3 Nc6 5.e4 d5 6.cxd5 exd5 7.e5 Ng8 8.a3 Bxc3+
9.bxc3 f6 10.Bb5 fxe5 11.dxe5 Ne7 12.f4 O-O 13.Nf3 Bg4 14.O-O Na5 15.h3 Bxf3
16.Rxf3 c6 17.Bd3 Nc4 18.Qe2 b5 19.Kh1 g6 20.g4 Qc7 21.f5 Rae8 22.e6 Kg7
23.Bf4  1-0

[Event "7th Philadelphia Open"]
[Site "Philadelphia USA"]
[Date "2013.03.29"]
[Round "4"]
[White "Kumar,Aravind"]
[Black "Hua,D"]
[Result "0-1"]
[WhiteElo "2007"]
[BlackElo "2256"]

1.d4 Nf6 2.c4 e6 3.Nc3 Bb4 4.f3 d5 5.a3 Be7 6.e4 dxe4 7.fxe4 e5 8.d5 Bc5
9.Be2 Ng4 10.Bxg4 Qh4+ 11.g3 Qxg4 12.Qxg4 Bxg4 13.h3 Bh5 14.g4 Bg6 15.Nge2 Nd7
16.Ng3 c6 17.Ke2 Bd4 18.Nf5 Bxf5 19.gxf5 Nc5 20.Be3 Nb3 21.Rad1 Rc8 22.Kd3 cxd5
23.cxd5 Nc5+ 24.Ke2 Bxc3 25.Bxc5 Rxc5 26.bxc3 Rxc3 27.Rc1 Rxc1 28.Rxc1 Kd7
29.Kd3 g5 30.Rg1 Rg8 31.h4 g4 32.h5 g3 33.Rg2 b5 34.h6 a5 35.Kc3 Kd6 36.Kd3 a4
37.Ke2 Kc5 38.Kd3 b4 39.Kc2 bxa3 40.Kb1 Kd4 41.d6 Kxe4  0-1

[Event "Norwegian Open 2013"]
[Site "Fagernes NOR"]
[Date "2013.04.02"]
[Round "9"]
[White "Volkov,Sergey1"]
[Black "Turov,M"]
[Result "1/2-1/2"]
[WhiteElo "2593"]
[BlackElo "2599"]

1.d4 Nf6 2.c4 e6 3.Nc3 Bb4 4.f3 O-O 5.a3 Bxc3+ 6.bxc3 Nh5 7.Nh3 f5 8.Bg5 Nf6
9.e4 fxe4 10.fxe4 d6 11.Nf2 e5 12.c5 Nc6 13.Bb5 Qe7 14.O-O dxc5 15.Qb3+ Kh8
16.Bxc6 bxc6 17.dxe5 Qxe5 18.Bxf6 gxf6 19.Nd3 Qxe4 20.Nf4 Ba6 21.Rae1 Qc4
22.Qc2 Rae8 23.Qd2 Qf7 24.Rf3 Bc4 25.Rd1 Re5 26.Rh3 Rfe8 27.Rh4 Kg8 28.h3 Qe7
29.Kh2 Rg5 30.Qc2 Bd5 31.c4 Be4 32.Qf2 Qe5 33.Kg1 Bf5 34.Nh5 Kf7 35.Rf1 Qe3
36.Qxe3 Rxe3 37.g4 Bg6 38.Rxf6+ Ke7 39.Rxc6 Rxa3 40.Nf6 Re5 41.Kf2 Ree3 42.Nd5+ Kd7
43.Rxc7+ Kd6 44.Rxa7 Rf3+ 45.Ke2 Rxh3 46.Rxh3 Rxa7 47.Nf4 Ra2+ 48.Ke3 Ra3+
49.Kd2 Ra2+ 50.Ke3 Ke5 51.Nd3+  1/2-1/2

[Event "65th ch-ARG w 2013"]
[Site "Villa Martelli ARG"]
[Date "2013.04.09"]
[Round "5.2"]
[White "Besso,Guadalupe"]
[Black "Nejanky,M"]
[Result "1/2-1/2"]
[WhiteElo "1737"]
[BlackElo "2037"]

1.d4 Nf6 2.c4 e6 3.Nc3 Bb4 4.f3 d5 5.a3 Be7 6.e4 dxe4 7.fxe4 e5 8.d5 Bc5
9.Nf3 Ng4 10.b4 Bf2+ 11.Ke2 c5 12.Qd3 Bd4 13.Nxd4 exd4 14.Na4 Qf6 15.Ke1 Qf2+
16.Kd1 Ne5 17.Qd2 Bg4+ 18.Kc2 d3+ 19.Bxd3 Nxd3 20.Qxf2 Nxf2 21.Re1 Bd1+ 22.Rxd1 Nxd1
23.Kxd1 Nd7 24.Nxc5 b6 25.Nxd7 Kxd7 26.Kd2 Rhe8 27.Kd3 Re7 28.Bf4 a5 29.Rc1 axb4
30.axb4 Ra3+ 31.Kd4 Rb3 32.Ra1 Rxb4 33.Ra7+ Ke8 34.Ra8+ Kd7 35.Ra7+ Ke8  1/2-1/2

[Event "15th Dubai Open 2013"]
[Site "Dubai UAE"]
[Date "2013.04.10"]
[Round "4.36"]
[White "Sobh,A"]
[Black "Karavade,E"]
[Result "0-1"]
[WhiteElo "2177"]
[BlackElo "2389"]

1.d4 Nf6 2.c4 e6 3.Nc3 Bb4 4.f3 c5 5.a3 Bxc3+ 6.bxc3 Nc6 7.e4 O-O 8.Bd3 b6
9.Be3 d6 10.Ne2 Ba6 11.Ng3 Na5 12.Qe2 cxd4 13.cxd4 Rc8 14.Rc1 e5 15.O-O exd4
16.Bf2 Nd7 17.Nf5 Ne5 18.f4 Nxd3 19.Qxd3 Bxc4 20.Qg3 g6 21.Bxd4 f6 22.Rfd1 Kh8
23.Nh4 Bb3 24.Nxg6+ hxg6 25.Qxg6 Bxd1 26.Rxd1 Rc7 27.Rd3 Rh7 28.Rg3 Nc6 29.Bc3 Qe7
30.Qf5 d5 31.exd5 Nd4  0-1

[Event "4th LUCOPEN 2013"]
[Site "Lille FRA"]
[Date "2013.04.13"]
[Round "1.17"]
[White "Van Vliet,D"]
[Black "Riff,JN"]
[Result "0-1"]
[WhiteElo "2082"]
[BlackElo "2467"]

1.d4 Nf6 2.c4 e6 3.Nc3 Bb4 4.f3 d5 5.a3 Bxc3+ 6.bxc3 c5 7.cxd5 exd5 8.e3 Qc7
9.Ra2 Bf5 10.Bd3 Bxd3 11.Qxd3 cxd4 12.exd4 O-O 13.Rb2 Nbd7 14.Bg5 h6 15.Bh4 Qf4  0-1

[Event "15th Dubai Open 2013"]
[Site "Dubai UAE"]
[Date "2013.04.14"]
[Round "8.10"]
[White "Jumabayev,R"]
[Black "Amin,B"]
[Result "1/2-1/2"]
[WhiteElo "2549"]
[BlackElo "2641"]

1.d4 Nf6 2.c4 e6 3.Nc3 Bb4 4.f3 d5 5.a3 Bxc3+ 6.bxc3 c5 7.cxd5 Nxd5 8.dxc5 f5
9.Nh3 O-O 10.c4 Qh4+ 11.Nf2 Nf6 12.e3 Nc6 13.g3 Qh5 14.Bg2 Rd8 15.Qc2 e5
16.O-O Be6 17.Bb2 Qf7 18.Rac1 Rac8 19.f4 exf4 20.exf4 Na5 21.Rfd1 Rxd1+ 22.Qxd1 Nxc4
23.Bxf6 Qxf6 24.Qa4 Ne3 25.Bf3 Qb2 26.Re1 Qc3 27.Qb4 Rxc5 28.Nd3 Nc2 29.Qxc5 Qxc5+
30.Nxc5 Nxe1 31.Bxb7 Bc4 32.Nd7 Nd3 33.Ne5 Nxe5 34.fxe5 Kf7 35.Bc8 Be6 36.Bb7 Bd7
37.Bd5+ Be6 38.Bb7  1/2-1/2

[Event "TCh-CZE Div1 Zapad 2012-13"]
[Site "Czech Republic CZE"]
[Date "2013.04.21"]
[Round "11.4"]
[White "Vybiral,Z"]
[Black "Freisler,P"]
[Result "0-1"]
[WhiteElo "2193"]
[BlackElo "2313"]

1.d4 Nf6 2.c4 e6 3.Nc3 Bb4 4.f3 d5 5.a3 Bxc3+ 6.bxc3 c5 7.cxd5 Nxd5 8.dxc5 f5
9.Nh3 Qa5 10.Nf2 Nc6 11.e4 Nxc3 12.Qd2 O-O 13.exf5 Rxf5 14.Bd3 Re5+ 15.Ne4 Nxe4
16.Bxe4 Rxc5 17.Qxa5 Nxa5 18.Be3 Rc7 19.Rd1 Nc6 20.Rd6 Kf7 21.Kf2 Bd7 22.Rc1 Be8
23.h4 g6 24.h5 gxh5 25.Kg3 Ke7 26.Bc5 Kf6 27.Bd4+ Ke7 28.Bc5 Kf7 29.Be3 Rcc8
30.Rb1 Rc7 31.Rc1 Rac8 32.Bxc6 bxc6 33.Kf4 c5 34.Ke5 c4 35.Rc3 Bd7 36.Ra6 Rb8
37.Rxa7 Rb5+ 38.Kd4 Rxa7 39.Kxc4 Rc7+  0-1

[Event "TCh-CZE Div1 Vychod 2012-13"]
[Site "Czech Republic CZE"]
[Date "2013.04.21"]
[Round "11.1"]
[White "Biolek,R1"]
[Black "Krejci,Jan2"]
[Result "0-1"]
[WhiteElo "2399"]
[BlackElo "2529"]

1.d4 Nf6 2.c4 e6 3.Nc3 Bb4 4.f3 d5 5.a3 Be7 6.e4 dxe4 7.fxe4 e5 8.d5 O-O
9.Be2 Bc5 10.Bg5 h6 11.Bh4 a5 12.Qd3 Nbd7 13.Nf3 Re8 14.Rf1 a4 15.O-O-O c6
16.Ne1 Bd4 17.dxc6 bxc6 18.Qg3 Kh8 19.Qh3 Qb6 20.Qd3 Nc5 21.Qc2 Ng4 22.Bxg4 Bxg4
23.Nf3 Be6 24.Nxd4 exd4 25.Na2 d3 26.Qc3 d2+ 27.Kb1 Nxe4 28.Qc2 Qd4  0-1

[Event "Zonal 2.5 2013"]
[Site "Montevideo URU"]
[Date "2013.04.23"]
[Round "7.18"]
[White "D Andrea,Leonardo"]
[Black "Magaldi,N"]
[Result "0-1"]
[WhiteElo "1921"]
[BlackElo "2084"]

1.d4 Nf6 2.c4 e6 3.Nc3 Bb4 4.f3 Bxc3+ 5.bxc3 c5 6.e4 Qa5 7.Bd2 d6 8.Ne2 e5
9.Ng3 Nc6 10.d5 Ne7 11.Be2 h6 12.Qc2 Ng6 13.Rb1 Qc7 14.Qc1 Nh4 15.O-O g5
16.f4 exf4 17.Bxf4 Nh7 18.Be3 O-O 19.Rf2 Ng6 20.Qd2 f6 21.Rbf1 Qe7 22.Qd1 Ne5
23.h3 b6 24.Bc1 Bd7 25.Bh5 Rab8 26.Bg4 Nxg4 27.hxg4 Qe5 28.Qf3 Rbe8 29.Re1 Qe7
30.Rfe2 Qf7 31.Be3 Re5 32.Bf2 Qe8 33.Nf5 Bxf5 34.exf5 Qa4 35.Bg3 Qxc4 36.Bxe5 fxe5
37.Qh3 Rf6 38.Rd2 Kg7 39.Re3 Qa4 40.Qf3 Nf8 41.Re4 Qe8 42.Qd1 Qd7 43.Rf2 Nh7
44.Qa4 Rf7 45.Qxd7 Rxd7 46.Kh2 Nf6 47.Ra4 Nxd5 48.c4 Nf6 49.Kg3 Ne4+ 50.Kf3 Nxf2
51.Kxf2 b5 52.cxb5 d5 53.Ra6 d4 54.Re6 d3 55.Ke1 c4 56.Rxe5 c3 57.Rc5 d2+
58.Kd1 Rd3 59.a4 Re3 60.Kc2 Re1 61.Rd5 Rc1+ 62.Kb3 d1=Q+ 63.Rxd1 Rxd1 64.Kxc3 Ra1
65.Kb4 Kf6 66.a5 Ke5 67.b6 axb6 68.axb6 Kd6 69.Kb5 Rb1+ 70.Ka6 Kc6 71.Ka7 Rxb6
72.f6 Kb5  0-1

[Event "Maharashtra Chess League 2013"]
[Site "Pune IND"]
[Date "2013.04.26"]
[Round "5"]
[White "Grover,S"]
[Black "Bartakke,A"]
[Result "1/2-1/2"]
[WhiteElo "2467"]
[BlackElo "2200"]

1.d4 Nf6 2.c4 e6 3.Nc3 Bb4 4.f3 d5 5.a3 Be7 6.e4 dxc4 7.Bxc4 O-O 8.Nge2 a6
9.a4 Nc6 10.a5 b5 11.axb6 cxb6 12.O-O Bb7 13.Be3 b5 14.Bb3 Na5 15.Ba2 Rc8
16.e5 Nd7 17.Bb1 Nc4 18.Bc1 Qb6 19.Kh1 Rfd8 20.Qe1 Nf8 21.Ne4  1/2-1/2

[Event "TCh-CZE Extraliga 2012-13"]
[Site "Czech Republic CZE"]
[Date "2013.04.27"]
[Round "10.6"]
[White "Bernasek,J"]
[Black "Kuchynka,Luk"]
[Result "1-0"]
[WhiteElo "2506"]
[BlackElo "2310"]

1.d4 Nf6 2.c4 e6 3.Nc3 Bb4 4.f3 d5 5.a3 Bxc3+ 6.bxc3 c5 7.cxd5 Nxd5 8.dxc5 Qc7
9.e4 Ne7 10.Be3 O-O 11.Bb5 e5 12.Ne2 Be6 13.O-O Rd8 14.Qa4 Nd7 15.Rfd1 a6
16.Bxd7 Bxd7 17.Qc2 Nc6 18.Rab1 Be6 19.Kf2 Na5 20.Rxd8+ Rxd8 21.Qb2 Rd7 22.Qb6 Nc4
23.Qxc7 Rxc7 24.a4 Bc8 25.Rd1 f6 26.Rd5 Be6 27.Rd8+ Kf7 28.Rb8 Nxe3 29.c6 Ng4+
30.fxg4 bxc6 31.Rb6 Bc4 32.Ng3 Ke6 33.Nf5 g6 34.Ne3 Bd3 35.Kf3 Kd6 36.Rb8 Rf7
37.Rd8+ Rd7 38.Rf8 Ke7 39.Rb8 Kd6 40.Rf8 Ke7 41.Rh8 Ke6 42.h4 Rf7 43.h5 gxh5
44.gxh5 f5 45.Nxf5 Bc2 46.Ra8 Bxa4 47.Rxa6 Bd1+ 48.Ke3 Bxh5 49.Rxc6+ Kd7
50.Rd6+ Kc7 51.Re6  1-0

[Event "Victory Day Open 2013"]
[Site "Moscow RUS"]
[Date "2013.05.07"]
[Round "3.12"]
[White "Yakimenko,Alex"]
[Black "Simakov,Alexey P."]
[Result "1-0"]
[WhiteElo "2205"]
[BlackElo "2025"]

1.d4 Nf6 2.c4 e6 3.Nc3 Bb4 4.f3 d5 5.a3 Bxc3+ 6.bxc3 c5 7.e3 O-O 8.cxd5 exd5
9.Bd3 Re8 10.Ne2 Nc6 11.O-O Be6 12.Ng3 h5 13.Re1 h4 14.Nf1 h3 15.g4 g6 16.Ng3 Kg7
17.Kh1 c4 18.Bc2 b5 19.Bd2 a5 20.Rg1 Rh8 21.Qe1 Rb8 22.Rb1 Qd7 23.Nf5+ Kf8
24.Ng3 Kg7 25.Ne2 Qe7 26.Ra1 Bd7 27.Nf4 g5 28.Ne2 Ne8 29.Ng3 Nd6 30.Rb1 f6
31.Nh5+ Kf7 32.Qg3 Rh6 33.Rbe1 b4 34.axb4 axb4 35.e4 dxe4 36.fxe4 b3 37.Bb1 Rbh8
38.Rgf1 Kg8 39.e5 fxe5 40.dxe5 Nf7 41.Nf6+ Kg7 42.Nh5+ Kg8 43.Be4 Ncxe5 44.Rxf7 Qxf7
45.Qxe5 Bxg4 46.Qxg5+ Rg6 47.Qxg6+ Qxg6 48.Bxg6 Bxh5 49.Re8+ Kg7 50.Rxh8 Bf3+
51.Kg1 Kxh8 52.Bc1 Kg7 53.Bf5 Kf6 54.Bxh3 Ke5 55.Kf2  1-0

[Event "Victory Day Open 2013"]
[Site "Moscow RUS"]
[Date "2013.05.11"]
[Round "5.7"]
[White "Yakimenko,Alex"]
[Black "Dogodkina,J"]
[Result "1/2-1/2"]
[WhiteElo "2205"]
[BlackElo "2146"]

1.d4 Nf6 2.c4 e6 3.Nc3 Bb4 4.f3 d5 5.a3 Bxc3+ 6.bxc3 c6 7.Qc2 O-O 8.Bg5 Re8
9.f4 Nbd7 10.Nf3 Qa5 11.Bxf6 Nxf6 12.Nd2 Qc7 13.g3 c5 14.Bg2 b5 15.cxb5 cxd4
16.Rc1 dxc3 17.Qxc3 Qxc3 18.Rxc3 Bd7 19.Rb3 Rab8 20.a4 a6 21.bxa6 Ra8 22.Rb6 Bxa4
23.O-O Nd7 24.Rd6 Kf8 25.e4 Ke7 26.e5 Reb8 27.Ra1 Rb4 28.Bf1 Ra7 29.Rb1 Rxb1
30.Nxb1 f6 31.Bh3 Nc5 32.Nc3 Be8 33.Bf1 fxe5 34.fxe5 d4 35.Na2 d3 36.Nb4 Bb5
37.Nxd3 Nxd3 38.Bxd3 Bxd3 39.Rxd3 Rxa6 40.Rd2 Ra5 41.Re2 Kf7 42.Kg2 Kg6 43.g4 Kg5
44.Re4 Ra3 45.Rb4 Re3 46.Rb7 g6 47.Rxh7 Kxg4 48.h3+ Kf5 49.h4 Kxe5 50.Rh6 Kf5
51.h5 gxh5 52.Rxh5+ Ke4 53.Kf2 Rb3 54.Rh4+ Kd5 55.Ra4 e5 56.Ke2 e4 57.Ra5+ Kd4
58.Ra4+ Ke5 59.Ra8 Rb5 60.Ke3  1/2-1/2

[Event "Victory Day Open 2013"]
[Site "Moscow RUS"]
[Date "2013.05.16"]
[Round "8.10"]
[White "Anfinogenov,A"]
[Black "Shevchenko,Alexe"]
[Result "1/2-1/2"]
[WhiteElo "2081"]
[BlackElo "2130"]

1.d4 Nf6 2.c4 e6 3.Nc3 Bb4 4.f3 d5 5.a3 Be7 6.e3 O-O 7.cxd5 exd5 8.Bd3 c5
9.Nge2 Nc6 10.O-O a6 11.Bd2 b5 12.Be1 Qb6 13.Bf2 c4 14.Bb1 Nd8 15.e4 Bb7
16.e5 Ne8 17.Nf4 Nc7 18.Qd2 a5 19.Nh5 Ne8 20.Ng3 b4 21.Nce2 Bc8 22.Nf4 Be6
23.Nxe6 fxe6 24.Ne2 bxa3 25.bxa3 a4 26.Be3 Ra7 27.Bc2 Qa5 28.Nc3 g6 29.Rfb1 Ng7
30.Rb5 Qa6 31.Rab1 Nc6 32.Rb6 Qc8 33.Bxa4 Nd8 34.Rb8 Qa6 35.R1b6 Qa5 36.Rb5 Qa6
37.R5b6 Qa5 38.Rb5 Qa6 39.R5b6  1/2-1/2

[Event "Open Hradec Kralove 2013"]
[Site "Hradec Kralove CZE"]
[Date "2013.05.17"]
[Round "4"]
[White "von Keyserlingk,Chanda"]
[Black "Portych,V"]
[Result "1/2-1/2"]
[WhiteElo "1734"]
[BlackElo "1796"]

1.d4 Nf6 2.c4 e6 3.Nc3 Bb4 4.f3 O-O 5.a3 Bxc3+ 6.bxc3 d5 7.cxd5 Nxd5 8.Qc2 c5
9.e4 Ne7 10.Be3 cxd4 11.cxd4 Nbc6 12.Qc3 Bd7 13.Bd3 Rc8 14.Qb2 Na5 15.Ne2 Nc4
16.Bxc4 Rxc4 17.O-O b6 18.Rfc1 Rxc1+ 19.Rxc1 Bc8 20.Bf2 Ba6 21.Nf4 Ng6  1/2-1/2

[Event "22nd TCh-CRO Cup 2013"]
[Site "Bol na Bracu CRO"]
[Date "2013.05.26"]
[Round "6.41"]
[White "Djurovic,G"]
[Black "Palac,M"]
[Result "1/2-1/2"]
[WhiteElo "2400"]
[BlackElo "2562"]

1.d4 Nf6 2.c4 e6 3.Nc3 Bb4 4.f3 d5 5.a3 Bxc3+ 6.bxc3 c5 7.cxd5 exd5 8.e3 c4
9.Ne2 Nc6 10.g4 Na5 11.h4 Nd7 12.Nf4 Nb6 13.Ra2 O-O 14.Rg2 Bd7 15.Kf2 Ba4
16.Qe1 Re8 17.g5 Bc2 18.Kg1 Bf5 19.Nh5 Nb3 20.Ng3 Bd3 21.Qd1 Bxf1 22.Nxf1 Na4
23.Qc2 Qa5 24.Bb2 Re6 25.h5 Rb6 26.g6 fxg6 27.hxg6 h6 28.Rxh6 Rf6 29.Rh5 Qb6  1/2-1/2

[Event "e2e4 Sunningdale Open"]
[Site "Ascot ENG"]
[Date "2013.05.27"]
[Round "6"]
[White "Staniforth,Matthew"]
[Black "Kreuzer,C"]
[Result "1-0"]
[WhiteElo "1940"]
[BlackElo "1960"]

1.d4 Nf6 2.c4 e6 3.Nc3 Bb4 4.f3 d5 5.a3 Bxc3+ 6.bxc3 Nbd7 7.e3 O-O 8.cxd5 exd5
9.Bd3 Re8 10.Ne2 Nf8 11.O-O Ng6 12.Ng3 Qd6 13.e4 dxe4 14.fxe4 Bg4 15.Qc2 Nh5
16.e5 Qe7 17.Ne4 h6 18.h3 Be6 19.g4 Nh4 20.Rf2 Bd5 21.gxh5 c5 22.Qe2 cxd4
23.cxd4 Bxe4 24.Qxe4 g6 25.Rf6 Qxf6 26.exf6 Rxe4 27.Bxe4 g5 28.Bd2 Re8 29.Bxb7 Rb8
30.Be4 Re8 31.Re1 Re6 32.d5 Rxf6 33.Bc3 Rd6 34.Be5 Rd8 35.d6 f5 36.Bc6 Kf7
37.Bg3 f4 38.Bxh4 Rxd6 39.Be8+ Kf6 40.Bf2 Rd3 41.Kg2 Rxa3 42.Bd4+  1-0

[Event "ch-CZE 2013"]
[Site "Ledec nad Sazavou CZE"]
[Date "2013.05.28"]
[Round "8.2"]
[White "Bernasek,J"]
[Black "Zilka,S"]
[Result "1-0"]
[WhiteElo "2537"]
[BlackElo "2525"]

1.d4 Nf6 2.c4 e6 3.Nc3 Bb4 4.f3 O-O 5.e4 c5 6.d5 exd5 7.cxd5 Re8 8.Nh3 d6
9.Nf2 Nbd7 10.Be2 Ne5 11.O-O Bd7 12.g4 Kh8 13.g5 Ng8 14.f4 Ng6 15.Qd3 f5
16.exf5 Nh4 17.Bg4 Qc8 18.Qh3 Bxc3 19.bxc3 Nxf5 20.Bd2 Nge7 21.Rae1 Rd8 22.c4 Ng6
23.Re6 Bxe6 24.dxe6  1-0

[Event "2nd Server24 Open"]
[Site "Ortisei ITA"]
[Date "2013.06.05"]
[Round "5.1"]
[White "Volkov,Sergey1"]
[Black "Nisipeanu,LD"]
[Result "1/2-1/2"]
[WhiteElo "2613"]
[BlackElo "2667"]

1.d4 Nf6 2.c4 e6 3.Nc3 Bb4 4.f3 d5 5.a3 Be7 6.e4 c5 7.cxd5 cxd4 8.Bb5+ Bd7
9.Bxd7+ Qxd7 10.Nce2 exd5 11.e5 Ng8 12.Nxd4 Nc6 13.Nxc6 bxc6 14.Ne2 Bh4+
15.g3 Bd8 16.Be3 Bb6 17.Qb3 Ne7 18.Bxb6 Rb8 19.Qc3 axb6 20.e6 Qxe6 21.Qxg7 Kd7
22.Kf2 Nf5  1/2-1/2

[Event "35th Nezhmetdinov Cup"]
[Site "Kazan RUS"]
[Date "2013.06.06"]
[Round "7.22"]
[White "Rychagov,A"]
[Black "Salakhutdinov,I"]
[Result "1-0"]
[WhiteElo "2561"]
[BlackElo "2293"]

1.d4 Nf6 2.c4 e6 3.Nc3 Bb4 4.f3 d5 5.a3 Bxc3+ 6.bxc3 c5 7.cxd5 Nxd5 8.dxc5 Qa5
9.e4 Nc7 10.Be3 O-O 11.Qb3 Nc6 12.Kf2 f5 13.exf5 Nd5 14.fxe6 Bxe6 15.Bc4 Nxe3
16.Bxe6+ Kh8 17.Re1 Nf5 18.Qc4 Qc7 19.Ne2 Rad8 20.Bxf5 Rxf5 21.Nd4 Rf4 22.g3 Rff8
23.Re4 Ne5 24.Qe2 Qxc5 25.Rxe5 Qxc3 26.Nb5 Qa5 27.Rd1 Rxd1 28.Qxd1 Rd8 29.Qd7 Rg8
30.Nd6 Qb6+ 31.Kg2  1-0

[Event "Alushta Summer-2013-2"]
[Site "Alushta UKR"]
[Date "2013.06.07"]
[Round "5"]
[White "Legky,N"]
[Black "Shtyrenkov,V"]
[Result "0-1"]
[WhiteElo "2396"]
[BlackElo "2329"]

1.d4 Nf6 2.c4 e6 3.Nc3 Bb4 4.f3 c5 5.d5 b5 6.e4 bxc4 7.Bxc4 exd5 8.Bxd5 Nxd5
9.Qxd5 Nc6 10.Ne2 Ba6 11.Kf2 O-O 12.Be3 Rb8 13.Rab1 Ne7 14.Qd1 f5 15.a3 Bxe2
16.Nxe2 Ba5 17.e5 Bb6 18.Qd6 c4 19.f4 Bxe3+ 20.Kxe3 Nc6 21.g3 Rb3+ 22.Kf2 Qb6+
23.Kg2 Rd3  0-1

[Event "2nd Grand Europe Open 2013"]
[Site "Golden Sands BUL"]
[Date "2013.06.10"]
[Round "1.15"]
[White "Yakimenko,Alex"]
[Black "Mareco,S"]
[Result "0-1"]
[WhiteElo "2214"]
[BlackElo "2557"]

1.d4 Nf6 2.c4 e6 3.Nc3 Bb4 4.f3 c5 5.a3 Bxc3+ 6.bxc3 d5 7.e3 Nc6 8.Bd3 e5
9.cxd5 Nxd5 10.dxc5 Qa5 11.Ne2 Qxc5 12.Qd2 Be6 13.e4 Nf4 14.Nxf4 exf4 15.Qb2 O-O-O
16.Be2 g5 17.Rb1 Rd7 18.h4 Rg8 19.Bd2 gxh4 20.Qb5 Qd6 21.Rd1 h3 22.gxh3 Qe7
23.h4 Rg1+ 24.Rxg1 Qxh4+ 25.Kf1 Bh3+ 26.Rg2 Qg3 27.Bxf4 Qxg2+ 28.Ke1 Qg1+
29.Bf1 Bxf1  0-1

[Event "ch-FIN 2013"]
[Site "Mantta FIN"]
[Date "2013.06.13"]
[Round "4.5"]
[White "Karttunen,M"]
[Black "Nyysti,S"]
[Result "1-0"]
[WhiteElo "2441"]
[BlackElo "2360"]

1.d4 Nf6 2.c4 e6 3.Nc3 Bb4 4.f3 d5 5.a3 Bxc3+ 6.bxc3 c5 7.cxd5 exd5 8.e3 O-O
9.Bd3 b6 10.Ne2 Ba6 11.Bxa6 Nxa6 12.O-O Re8 13.Ng3 Qd7 14.Qd3 Qa4 15.Bd2 Rac8
16.Nf5 Re6 17.Rfe1 Rce8 18.g4 g6 19.Ng3 Nc7 20.g5 Nd7 21.e4 cxd4 22.cxd4 Nb5
23.Be3 dxe4 24.Nxe4 Nd6 25.Bf2 Nxe4 26.fxe4 f6 27.Rac1 Rc6 28.Rxc6 Qxc6 29.gxf6 Nxf6
30.d5 Qd6 31.Bg3 Qc5+ 32.Kg2 b5 33.Bf2 Qd6 34.Qd4 Ng4 35.Bg3 Ne5 36.Qxa7 b4
37.axb4 Qxb4 38.Re2 Qc4 39.Qa2 Qd3 40.Bxe5 Rxe5 41.Qa8+ Kg7 42.Qa7+ Kf6 43.Qf2+ Ke7
44.Qc5+ Kd8 45.Qe3 Qxe3 46.Rxe3 Kd7 47.Kf3 Rh5 48.e5 Rxh2 49.Ke4 Rh4+ 50.Kd3 Ra4
51.Re1 Ra3+ 52.Kc4 Ra4+ 53.Kb5 Rd4 54.Kc5 Rd2 55.Ra1 Rc2+ 56.Kd4 Rd2+ 57.Ke4 Re2+
58.Kf4 Rf2+ 59.Ke3 Rc2 60.Rh1  1-0

[Event "2nd Grand Europe Open 2013"]
[Site "Golden Sands BUL"]
[Date "2013.06.16"]
[Round "7.27"]
[White "Paravyan,D"]
[Black "Berescu,A"]
[Result "0-1"]
[WhiteElo "2373"]
[BlackElo "2461"]

1.d4 Nf6 2.c4 e6 3.Nc3 Bb4 4.f3 c5 5.d5 O-O 6.e4 Re8 7.Ne2 d6 8.Ng3 b5 9.Bd2 Bxc3
10.Bxc3 b4 11.Bxf6 Qxf6 12.Qd2 e5 13.O-O-O a5 14.Bd3 a4 15.h4 a3 16.b3 Qg6
17.Ne2 Nd7 18.g4 Qf6 19.Qe3 Nf8 20.g5 Qd8 21.Rdg1 f6 22.Ng3 fxg5 23.hxg5 g6
24.Nf5 gxf5 25.exf5 e4 26.Qf4 exd3 27.g6 Re1+ 28.Rxe1 Qf6 29.gxh7+ Kh8 30.Rh2 Bxf5
31.Qh6 Bg6 32.Re3 Qa1+ 33.Kd2 Qxa2+ 34.Ke1 Qa1+ 35.Kf2 d2 36.Rh1 d1=Q 37.Rxd1 Qxd1
38.Qg5  0-1

[Event "13th IPCA World Championship"]
[Site "Velke Losiny CZE"]
[Date "2013.06.18"]
[Round "1.2"]
[White "Tersinsev,Andrey"]
[Black "Balberov,Alex"]
[Result "0-1"]
[WhiteElo "1939"]
[BlackElo "2350"]

1.d4 Nf6 2.c4 e6 3.Nc3 Bb4 4.f3 Bxc3+ 5.bxc3 b6 6.e4 d6 7.Bd3 Nc6 8.Bg5 e5
9.Ne2 h6 10.Bh4 Qe7 11.O-O g5 12.Bf2 Nh5 13.Ng3 Nxg3 14.hxg3 Rg8 15.Be3 Na5
16.f4 gxf4 17.gxf4 Bh3 18.Rf2 Rg3 19.Qd2 O-O-O 20.fxe5 dxe5 21.c5 Rdg8 22.Ba6+ Kb8
23.Bf1 Qh4 24.dxe5 Be6 25.cxb6 axb6 26.Rf4 Qh3 27.Bxb6 Nc4 28.Ba7+ Kxa7 29.Qd4+ Nb6
30.Rf2 Bc4 31.Qd2 Bxf1 32.Raxf1 Qh4 33.Qf4 R8g4 34.Qf6 Qh3  0-1

[Event "III Marcel Duchamp Boca Jun Op"]
[Site "Buenos Aires ARG"]
[Date "2013.06.20"]
[Round "1.12"]
[White "Besso,Guadalupe"]
[Black "Giardelli,S"]
[Result "0-1"]
[WhiteElo "1861"]
[BlackElo "2344"]

1.d4 Nf6 2.c4 e6 3.Nc3 Bb4 4.f3 Nc6 5.a3 Bxc3+ 6.bxc3 e5 7.d5 Na5 8.Qa4 b6
9.c5 e4 10.cxb6 axb6 11.Qb4 d6 12.Bg5 O-O 13.fxe4 Re8 14.e3 Bd7 15.Bd3 Nb7
16.Ne2 h6 17.Bxf6 Qxf6 18.Qd4 Re5 19.Ng3 Nc5 20.Bc2 Ba4 21.Rc1 Bxc2 22.Rxc2 Rxa3
23.Ke2 Qg6 24.Kf3 Ra4 25.c4 Nxe4 26.Qd3 Qf6+ 27.Ke2 Qf2+ 28.Kd1 Ra1+ 29.Rc1 Rxc1+
30.Kxc1 Nxg3 31.hxg3 Rxe3 32.Qd2 Qxd2+ 33.Kxd2 Rxg3 34.Rh2 Kf8  0-1

[Event "III Marcel Duchamp Boca Jun Op"]
[Site "Buenos Aires ARG"]
[Date "2013.06.20"]
[Round "1.30"]
[White "Escudero,Jose Maria"]
[Black "Vazquez,M"]
[Result "1/2-1/2"]
[WhiteElo "1680"]
[BlackElo "2170"]

1.d4 Nf6 2.c4 e6 3.Nc3 Bb4 4.f3 d5 5.Bg5 h6 6.Bh4 O-O 7.e3 c5 8.a3 cxd4 9.axb4 dxc3
10.bxc3 dxc4 11.Qxd8 Rxd8 12.Bxf6 gxf6 13.Bxc4 Bd7 14.Ne2 Nc6 15.O-O Ne5
16.Bb3 Bb5 17.Rfe1 Bxe2 18.Rxe2 Rd3 19.Bc2 Rxc3 20.Be4 Rc7 21.f4 f5 22.Bxb7 Rxb7
23.fxe5 Rxb4 24.Rea2 Rb7 25.Kf2 Rc8 26.Rxa7 Rb2+ 27.Kf3 Rcc2 28.Rg1 Rf2+
29.Kg3 Kg7 30.Raa1 Kg6 31.Raf1 Rxf1 32.Rxf1 Rb5 33.Kf4 Rb4+ 34.Kf3 Re4 35.Rd1 Rxe5
36.Rd8 Ra5 37.Rg8+ Kf6 38.Rh8 Kg7 39.Re8 Ra2 40.Rc8 e5 41.Rc3 Rd2 42.h3 Kf6
43.Rb3 Kg5 44.Kg3 e4 45.h4+ Kg6 46.Rb1 Re2 47.Rb3 Kh5 48.Ra3 Re1 49.Rb3 Rd1
50.Rb2 Rf1 51.Ra2 f4+ 52.exf4 f5 53.Ra5 Kg6 54.Ra6+ Kg7 55.Ra7+ Kf6 56.Ra6+ Ke7
57.Ra5 Ke6 58.Re5+ Kf6 59.Ra5 Rd1 60.Ra3 Ke6 61.Ra5 Rd3+ 62.Kf2 Rd2+ 63.Kg3 Rd6
64.Re5+ Kf6 65.Ra5 Re6 66.Kf2 Rd6 67.Re5 Rd1 68.Ra5 Rd3 69.Ra6+ Kg7 70.Re6 Rd2+
71.Kg3 Rd3+ 72.Kf2 Ra3 73.Re5 Kf6 74.Re8 Kf7 75.Re5 Kg6 76.Rb5 Kh5 77.Rxf5+ Kg4
78.Rf8 Rb3 79.Rf7 Ra3 80.Rf8 Rb3  1/2-1/2